000 00469cam a2200181ua 4500
020 _c1980.00
041 _aeng
_h
082 _a631.8
_bSOM/SO
100 _aSomani, L L .
245 _aSoils and fertilisers at a glance /
_cL L Somani.
_hTextual Documents
260 _aUdaypur :
_bAgro-tech publishing academy ,
_c2004.
300 _a1053 ; .
365 _a1980.00
504 _a
700 1 _aKanthariya, P C .
942 _cBK
999 _c13305
_d13305